000 00261nam a2200097Ia 4500
008 240331s9999 xx 000 0 und d
082 _bCIT
100 _aOommen, T.K, . ed
245 0 _aCitizenship and national identity :
_bfrom colonialism to globalism
942 _cL
999 _c2312
_d2312